logo

Bir Sreshtho Munshi Abdur Rouf Library
Jhenaidah Cadet College

College algebra / (Record no. 4598)

MARC details
000 -LEADER
fixed length control field 00763nam a2200277 a 4500
001 - CONTROL NUMBER
JCCL Control Number 4598
003 - CONTROL NUMBER IDENTIFIER
JCCL marc code BD-JhCC
005 - DATE AND TIME OF LATEST TRANSACTION
control field 20171128193033.0
008 - FIXED-LENGTH DATA ELEMENTS--GENERAL INFORMATION
fixed length control field 870917s1987 maua 001 0 eng
020 ## - INTERNATIONAL STANDARD BOOK NUMBER
International Standard Book Number 0871500434
035 ## - SYSTEM CONTROL NUMBER
system control number (BD-JhCC)
040 ## - CATALOGING SOURCE
Original cataloging agency DLC
Transcribing agency DLC
Modifying agency DLC
041 ## - LANGUAGE CODE
Language code of Book eng
050 00 - LIBRARY OF CONGRESS CALL NUMBER
Classification number QA154.2
Item number .R53 1987
082 00 - DEWEY DECIMAL CLASSIFICATION NUMBER
Classification number 512.9
DDC Edition number 19
Author mark and Year RIC 1987
100 1# - MAIN ENTRY--PERSONAL NAME
Personal name Rice, Bernard J.
245 10 - TITLE STATEMENT
Title College algebra /
Statement of responsibility, etc Bernard J. Rice and Jerry D. Strange.
250 ## - EDITION STATEMENT
Edition statement 3rd ed.
260 ## - PUBLICATION, DISTRIBUTION, ETC. (IMPRINT)
Place of publication, distribution, etc Boston :
Name of publisher, distributor, etc Prindle, Weber & Schmidt,
Date of publication, distribution, etc c1987.
300 ## - PHYSICAL DESCRIPTION
Pagination viii, 408 p. :
Other physical details ill. ;
Dimensions 24 cm.
500 ## - GENERAL NOTE
General note "Answers to odd-numbered exercises": p. 369-405.
500 ## - GENERAL NOTE
General note Includes index.
650 #0 - SUBJECT ADDED ENTRY--TOPICAL TERM
Topical term or geographic name as entry element Algebra.
700 1# - ADDED ENTRY--PERSONAL NAME
Personal name Strange, Jerry D.
942 ## - ADDED ENTRY ELEMENTS (KOHA)
Source of classification or shelving scheme Dewey Decimal Classification
Koha item type Books
Holdings
Source of classification or shelving scheme Damaged status Not for loan Home library Current library Shelving location Date of accession Total Checkouts Full call number Barcode Date last seen Date checked out Copy number Koha item type
Dewey Decimal Classification     JCC Rouf Library JCC Rouf Library General Stacks 11/28/2017 1 512.9 RIC 1987 6429 02/09/2026 02/05/2026 C-1 Books

JCC Library | Contacts | JCC Home

Last Update on 23 September 2017
Copyright @ 2017-2020 JCC Rouf Library
Rouf Library, Jhenidah Cadet College (JCC), Bangladesh